Linne $ Ringsrud's Clinical Laboratory Science,Concefts,Procedure and Clinical Applications (Record no. 2326)

MARC details
000 -LEADER
fixed length control field 00413nam a22001457a 4500
008 - FIXED-LENGTH DATA ELEMENTS--GENERAL INFORMATION
fixed length control field 250314b |||||||| |||| 00| 0 eng d
020 ## - INTERNATIONAL STANDARD BOOK NUMBER
ISBN 9780323530828
100 ## - MAIN ENTRY--AUTHOR
Author Turgeon Mary Louise
245 ## - TITLE STATEMENT
Title Linne $ Ringsrud's Clinical Laboratory Science,Concefts,Procedure and Clinical Applications
250 ## - EDITION STATEMENT
Edition statement 8th
260 ## - PUBLICATION, DISTRIBUTION, ETC. (IMPRINT)
Place of publication Missouri
Name of publisher Elsevier
Date of publication 2020
300 ## - COLLATION
Pagination xvii,685p
942 ## - ADDED ENTRY ELEMENTS (KOHA)
Item type Books
050 ## - LIBRARY OF CONGRESS CALL NUMBER
Classification number RB37
Item number .T87
Holdings
Source of classification or shelving scheme Not for loan Permanent location Current location Date acquired Accession No. Full call number Barcode. Koha item type
Library of Congress Classification   Samuel Ogbemudia Main Library, University of Abuja Samuel Ogbemudia Main Library, University of Abuja 03/14/2025 2024/63829 RB37.T87 2025-0594 Books